| 000 | 00595cam a22002053a 4500 | ||
|---|---|---|---|
| 001 | 39643 | ||
| 003 | PGUSA | ||
| 005 | 20140828083900.0 | ||
| 008 | 120507s2012||||xxu|||||s|||||000 | eng d | ||
| 040 |
_aPGUSA _beng |
||
| 042 | _adc | ||
| 100 | 1 |
_aGoldfrap, John Henry, _d1879-1917 |
|
| 245 | 1 | 4 |
_aThe Bungalow Boys Along the Yukon _h[electronic resource] / _cJohn Henry Goldfrap |
| 260 |
_bProject Gutenberg, _c2012 |
||
| 506 | _aPublic domain in the USA. | ||
| 516 | _aElectronic text | ||
| 830 | 0 |
_aProject Gutenberg _v39643 |
|
| 856 | 4 | 0 | _uhttp://www.gutenberg.org/ebooks/39643 |
| 942 | _cEB | ||
| 999 |
_c268896 _d268896 |
||